[Event "RSSU-chT"]
[Site "Moscow"]
[Date "2010.12.04"]
[Round "4"]
[White "Nikitin, Yuri D"]
[Black "Krylov, Mikhail"]
[Result "0-1"]
[WhiteElo "2278"]
[BlackElo "2516"]
[PlyCount "114"]
[EventDate "2010.12.01"]
[EventType "team-swiss"]
[EventRounds "9"]
[EventCountry "RUS"]
[SourceTitle "CBM 139 Extra"]
[Source "ChessBase"]
[SourceDate "2011.01.05"]
[SourceVersion "1"]
[SourceVersionDate "2011.01.05"]
[SourceQuality "1"]

1. e4 c5 2. Nc3 Nc6 3. g3 g6 4. Bg2 Bg7 5. d3 d6 6. Be3 Rb8 7. Qd2 b5 8. f4 b4 9. Nd1 Qb6 10. Ne2 Nh6 11. Rb1 0-0 12. Nf2 Ng4 13. Nxg4 Bxg4 14. 0-0 Bxe2 15. Qxe2 Qa6 16. b3 Bd4 17. Rf2 Qxa2 18. Re1 Qa6 19. Bxd4 Nxd4 20. Qg4 Kg7 21. Qh4 f6 22. g4 e5 23. f5 Qb7 24. g5 fxg5 25. Qxg5 Rf6 26. h4 Rbf8 27. Ref1 Qf7 28. h5 h6 29. hxg6 hxg5 30. gxf7 R6xf7 31. Ra1 Kf6 32. Ra6 Rd7 33. Kh2 g4 34. Kg3 Kg5 35. Bf1 Rh8 36. Bg2 Rh6 37. Bf1 Rh1 38. f6 Rh8 39. f7 Rf8 40. Be2 Rdxf7 41. Rh2 Nxe2+ 42. Rxe2 Rd7 43. Rc6 Rf3+ 44. Kg2 Kg6 45. Rc8 Kg7 46. Re1 Rdf7 47. Rh1 Rf2+ 48. Kg3 Rxc2 49. Rhh8 Rd2 50. Kxg4 Rf4+ 51. Kg3 Rxd3+ 52. Kg2 Rf7 53. Rce8 Rxb3 54. Rh5 Kg6 55. Reh8 Re3 56. Rh4 b3 57. R8h6+ Kg7 0-1

[Event "RSSU-chT"]
[Site "Moscow"]
[Date "2010.12.02"]
[Round "2"]
[White "Nikitin, Yuri D"]
[Black "Potapov, Pavel"]
[Result "0-1"]
[WhiteElo "2278"]
[BlackElo "2478"]
[PlyCount "130"]
[EventDate "2010.12.01"]
[EventType "team-swiss"]
[EventRounds "9"]
[EventCountry "RUS"]
[SourceTitle "CBM 139 Extra"]
[Source "ChessBase"]
[SourceDate "2011.01.05"]
[SourceVersion "1"]
[SourceVersionDate "2011.01.05"]
[SourceQuality "1"]

1. e4 c5 2. Nc3 Nc6 3. g3 g6 4. Bg2 Bg7 5. d3 e6 6. Be3 b6 7. Qd2 Bb7 8. Nge2 d5 9. exd5 Nce7 10. 0-0-0 exd5 11. d4 c4 12. h4 h6 13. Bh3 Bc8 14. Bxc8 Nxc8 15. g4 Nge7 16. Nf4 Qd7 17. Qe2 0-0 18. Qf3 Rd8 19. Nce2 b5 20. Kb1 Nb6 21. Rdg1 b4 22. g5 h5 23. Ng3 b3 24. cxb3 cxb3 25. a3 Nc4 26. Nfe2 Rac8 27. Bc1 a5 28. Qd3 Rc6 29. f4 Nd6 30. Bd2 Ra8 31. Rc1 Rc4 32. Qxb3 Nef5 33. Rxc4 Nxc4 34. Qd3 Rb8 35. Bc1 Nxg3 36. Nxg3 a4 37. Ne2 Rb3 38. Nc3 Nxa3+ 39. Ka2 Nb5 40. f5 Bxd4 41. fxg6 Bxc3 42. gxf7+ Qxf7 43. Rf1 Bg7 44. Rxf7 Rxd3 45. g6 Nd6 46. Rd7 Ne8 47. Bg5 Bf6 48. Bh6 Rd4 49. Rf7 Bg7 50. Bg5 Re4 51. Rd7 d4 52. Rd8 Bf8 53. Kb1 Kg7 54. Kc2 Kxg6 55. Kd3 Re6 56. Ra8 Bg7 57. Rxa4 Rc6 58. Bd2 Nd6 59. Ra5 Bf6 60. b4 Nc4 61. Rd5 Nxd2 62. Kxd2 Rc3 63. b5 Rh3 64. Kc2 Rxh4 65. b6 Re4 0-1

[Event "Nizhnij Novgorod-ch"]
[Site "Nizhnij Novgorod"]
[Date "2010.03.??"]
[Round "?"]
[White "Markelova, Lubov"]
[Black "Nikitin, Yuri D"]
[Result "0-1"]
[WhiteElo "2030"]
[BlackElo "2277"]
[PlyCount "110"]
[EventDate "2010.03.13"]
[EventType "swiss"]
[EventRounds "9"]
[EventCountry "RUS"]
[SourceTitle "EXT 2022"]
[Source "ChessBase"]
[SourceDate "2021.10.06"]
[SourceVersion "1"]
[SourceVersionDate "2021.10.06"]
[SourceQuality "1"]

1. Nf3 g6 2. c4 Bg7 3. Nc3 c5 4. e3 Nf6 5. d4 cxd4 6. exd4 d5 7. cxd5 0-0 8. Bc4 Nbd7 9. 0-0 Nb6 10. Bb3 Nfxd5 11. a4 a5 12. Bg5 h6 13. Bh4 g5 14. Bg3 Bg4 15. Re1 e6 16. Nb5 Qd7 17. Rc1 Rfc8 18. Qd2 Bxf3 19. gxf3 Rc6 20. Rc5 Nb4 21. Rec1 N6d5 22. Bd1 b6 23. Rxc6 Nxc6 24. f4 gxf4 25. Bxf4 Nxf4 26. Qxf4 Rf8 27. Bh5 Qd5 28. Bf3 Nxd4 29. Nxd4 Qxd4 30. Qxd4 Bxd4 31. b3 Kg7 32. Rc7 Kg6 33. Rd7 Bc5 34. Be2 e5 35. Kf1 f5 36. Bc4 Rf6 37. Ke2 Kg5 38. Rg7+ Kf4 39. Bf7 Bb4 40. Be8 Rf8 41. Bg6 Rf6 42. Be8 Rd6 43. Rd7 Re6 44. Bf7 Rc6 45. Bc4 Rg6 46. Rh7 Rg2 47. Rxh6 Bc5 48. Rh3 Rxf2+ 49. Ke1 Rb2 50. Be6 Ke4 51. Bc4 f4 52. Be2 Bd6 53. Bf3+ Kd4 54. Bd1 e4 55. Rh7 f3 0-1

[Event "Vladimir op-B"]
[Site "Vladimir"]
[Date "2009.08.26"]
[Round "7"]
[White "Nikitin, Yuri D"]
[Black "Bojarinov, Victor A"]
[Result "1-0"]
[WhiteElo "2206"]
[BlackElo "2328"]
[PlyCount "129"]
[EventDate "2009.08.19"]
[EventType "swiss"]
[EventRounds "9"]
[EventCountry "RUS"]
[SourceTitle "EXT 2012"]
[Source "ChessBase"]
[SourceDate "2011.11.24"]
[SourceVersion "1"]
[SourceVersionDate "2011.11.24"]
[SourceQuality "1"]

1. e4 e5 2. Nf3 Nc6 3. Bb5 Nd4 4. Ba4 Nxf3+ 5. Qxf3 Qf6 6. Qxf6 Nxf6 7. Nc3 c6 8. d3 Be7 9. f4 d6 10. fxe5 dxe5 11. Bb3 0-0 12. 0-0 Nd7 13. Be3 Bc5 14. Nd1 Bxe3+ 15. Nxe3 Nf6 16. h3 Re8 17. Nc4 Re7 18. Nd6 Rb8 19. Nf5 Bxf5 20. Rxf5 Ne8 21. Raf1 Nd6 22. R5f3 Rd8 23. Kf2 a5 24. Ke3 b5 25. a4 b4 26. g4 h6 27. h4 g6 28. Ke2 Kg7 29. h5 Rc7 30. Rf6 Rdd7 31. hxg6 fxg6 32. Re6 c5 33. Bd5 Nc8 34. Rff6 Ne7 35. Bc4 Rd8 36. c3 Rf8 37. Rxf8 Kxf8 38. Rxe5 Kg7 39. Re6 g5 40. Ke3 Ng6 41. Ra6 Ne5 42. Be6 Nc6 43. Rb6 Na7 44. Bd5 Nc8 45. Rb5 Ne7 46. Rxa5 bxc3 47. bxc3 h5 48. gxh5 Kh6 49. Bf7 g4 50. Be8 Ng8 51. Ra6+ Kh7 52. Rg6 Nh6 53. a5 Re7 54. Bc6 Ra7 55. c4 Nf7 56. a6 Ne5 57. Bb7 Nxg6 58. hxg6+ Kxg6 59. Kf4 Kh5 60. e5 g3 61. Kxg3 Kg5 62. e6 Kf6 63. Kf4 Kxe6 64. Ke4 Kd6 65. Kf5 1-0

[Event "Vladimir op-B"]
[Site "Vladimir"]
[Date "2009.08.21"]
[Round "3"]
[White "Chudinovskih, Alexander N"]
[Black "Nikitin, Yuri D"]
[Result "1/2-1/2"]
[WhiteElo "2294"]
[BlackElo "2206"]
[PlyCount "70"]
[EventDate "2009.08.19"]
[EventType "swiss"]
[EventRounds "9"]
[EventCountry "RUS"]
[SourceTitle "EXT 2012"]
[Source "ChessBase"]
[SourceDate "2011.11.24"]
[SourceVersion "1"]
[SourceVersionDate "2011.11.24"]
[SourceQuality "1"]

1. e4 e6 2. d4 d5 3. Nc3 Nf6 4. Bg5 Bb4 5. e5 h6 6. Bd2 Nfd7 7. Qg4 Bf8 8. f4 c5 9. Nf3 Nc6 10. 0-0-0 cxd4 11. Nb5 g6 12. Nbxd4 Nc5 13. h4 h5 14. Qh3 Ne4 15. Be3 Qa5 16. Kb1 Bd7 17. Nb3 Qa4 18. Nfd4 Nxd4 19. Bxd4 Rc8 20. Bd3 Nc5 21. Nxc5 Bxc5 22. Bxc5 Rxc5 23. Qe3 b6 24. c3 Bb5 25. Bc2 Qa6 26. Rd2 Qc8 27. Rg1 Kd7 28. g3 Qc6 29. Rd4 Kc7 30. Qd2 Kb8 31. Rc1 Rc8 32. Bd1 Qc7 33. Bf3 Be8 34. Re1 Qe7 35. Qe3 Rc4 1/2-1/2

[Event "Nizhnij Novgorod Hopes Cup op"]
[Site "Nizhnij Novgorod"]
[Date "2009.08.??"]
[Round "5"]
[White "Shapfiev, Aidyn"]
[Black "Nikitin, Yuri D"]
[Result "1/2-1/2"]
[WhiteElo "2263"]
[BlackElo "2233"]
[PlyCount "58"]
[EventDate "2009.08.10"]
[EventType "swiss"]
[EventRounds "9"]
[EventCountry "RUS"]
[SourceTitle "EXT 2022"]
[Source "ChessBase"]
[SourceDate "2021.10.06"]
[SourceVersion "1"]
[SourceVersionDate "2021.10.06"]
[SourceQuality "1"]

1. d4 e6 2. c4 f5 3. g3 Nf6 4. Bg2 d5 5. Nh3 c6 6. Qc2 Bd6 7. 0-0 0-0 8. Bf4 Qe7 9. Nd2 Nbd7 10. Bxd6 Qxd6 11. Nf4 g5 12. Nd3 b6 13. Nf3 h6 14. Nfe5 Bb7 15. Rac1 Rfc8 16. b4 Qe7 17. c5 b5 18. a4 Ba6 19. a5 Nxe5 20. Nxe5 Nd7 21. Nxd7 Qxd7 22. f3 Rf8 23. Qd2 Rae8 24. e4 Bc8 25. Rce1 Qg7 26. exd5 exd5 27. f4 g4 28. Re5 Rxe5 29. dxe5 Be6 1/2-1/2

[Event "Nizhnij Novgorod-ch 61st"]
[Site "Nizhnij Novgorod"]
[Date "2009.03.??"]
[Round "?"]
[White "Nikitin, Yuri D"]
[Black "Kruchinin, Anatoly V"]
[Result "1-0"]
[WhiteElo "2206"]
[BlackElo "1809"]
[PlyCount "89"]
[EventDate "2009.03.06"]
[EventType "swiss"]
[EventRounds "9"]
[EventCountry "RUS"]
[SourceTitle "EXT 2010"]
[Source "ChessBase"]
[SourceDate "2010.11.25"]
[SourceVersion "1"]
[SourceVersionDate "2010.11.25"]
[SourceQuality "1"]

1. e4 c5 2. Nc3 e6 3. g3 Nc6 4. Bg2 Nge7 5. d3 d5 6. f4 d4 7. Nce2 Bd7 8. Nf3 Qb6 9. 0-0 h6 10. Kh1 a5 11. a4 g6 12. Nd2 Qc7 13. Nc4 b6 14. Bd2 f5 15. c3 Bg7 16. e5 0-0 17. cxd4 cxd4 18. Nd6 Nd5 19. Nb5 Qd8 20. Bxd5 exd5 21. Nexd4 Nxd4 22. Nxd4 Rc8 23. Qb3 Rc5 24. Rfe1 Bc8 25. Be3 Re8 26. Nb5 Be6 27. Bd4 Bf8 28. Kg1 g5 29. Bxc5 Bxc5+ 30. d4 Bb4 31. Rf1 gxf4 32. Rxf4 Re7 33. Raf1 Rg7 34. Qd1 Rg5 35. Rxf5 Bxf5 36. Rxf5 Kg7 37. Qf3 Rxf5 38. Qxf5 Bd2 39. Kg2 Be3 40. Nd6 Qe7 41. Qg4+ Qg5 42. Qxg5+ Bxg5 43. Kf3 Bc1 44. b3 Kf8 45. Nb5 1-0

[Event "Moscow op-A"]
[Site "Moscow"]
[Date "2009.02.08"]
[Round "9"]
[White "Oparin, Grigoriy"]
[Black "Nikitin, Yuri D"]
[Result "1-0"]
[WhiteElo "2527"]
[BlackElo "2319"]
[PlyCount "53"]
[EventDate "2009.01.31"]
[EventType "swiss"]
[EventRounds "9"]
[EventCountry "RUS"]
[SourceTitle "EXT 2023"]
[Source "ChessBase"]
[SourceDate "2022.10.05"]
[SourceVersion "1"]
[SourceVersionDate "2022.10.05"]
[SourceQuality "1"]

1. e4 e5 2. Bc4 Nf6 3. d3 d5 4. exd5 Nxd5 5. Nf3 Nc6 6. 0-0 Bg4 7. h3 Bh5 8. Re1 Be7 9. g4 Bg6 10. Nxe5 Nxe5 11. Rxe5 Nb6 12. Qe2 Kf8 13. Be3 Bf6 14. Bc5+ Kg8 15. Be7 Qd4 16. Re3 h5 17. c3 Qf4 18. Bxf6 gxf6 19. Nd2 Kg7 20. Qf3 Qxf3 21. Nxf3 Nxc4 22. dxc4 hxg4 23. hxg4 Rad8 24. Rae1 Rd7 25. c5 c6 26. Kg2 Rhd8 27. Nd4 1-0

[Event "Uljanovsk Privolje op"]
[Site "Uljanovsk"]
[Date "2009.02.05"]
[Round "9"]
[White "Nikitin, Yuri D"]
[Black "Battalov, Bulat"]
[Result "0-1"]
[WhiteElo "2206"]
[BlackElo "2098"]
[PlyCount "102"]
[EventDate "2009.01.31"]
[EventType "swiss"]
[EventRounds "9"]
[EventCountry "RUS"]
[SourceTitle "EXT 2022"]
[Source "ChessBase"]
[SourceDate "2021.10.06"]
[SourceVersion "1"]
[SourceVersionDate "2021.10.06"]
[SourceQuality "1"]

1. e4 e5 2. Nf3 f5 3. d3 Nc6 4. Nc3 Nf6 5. Bg5 Bb4 6. Qd2 h6 7. Bxf6 Qxf6 8. a3 Bxc3 9. Qxc3 d6 10. 0-0-0 0-0 11. h3 Be6 12. exf5 Qxf5 13. Be2 Bd5 14. Rhf1 Rae8 15. Qd2 b5 16. Nh4 Qf6 17. Bf3 Qe6 18. Bxd5 Qxd5 19. Kb1 b4 20. axb4 Nxb4 21. Qxb4 Rf4 22. Qc3 Rxh4 23. g3 Ra4 24. b3 Rd4 25. Kb2 c5 26. Ra1 Re7 27. Rae1 Rf7 28. Ra1 Qg2 29. Qe1 Qxh3 30. Qe2 Qf5 31. Ra6 e4 32. dxe4 Rxe4 33. Qd3 Qe5+ 34. Ka2 Rd4 35. Qb5 Rb4 36. Qd3 c4 37. Qd2 cxb3+ 38. cxb3 Qb5 39. Rxd6 Rxb3 40. Rd8+ Kh7 41. Qc2+ Rf5 42. Qxb3 Qa5+ 43. Kb2 Qxd8 44. f4 Qd4+ 45. Kb1 Qe4+ 46. Qc2 Qb4+ 47. Qb2 Qa5 48. Qc2 g6 49. Rf3 Rc5 50. Qd1 Rd5 51. Qc2 Qe1+ 0-1

[Event "Uljanovsk Privolje op"]
[Site "Uljanovsk"]
[Date "2009.02.04"]
[Round "8"]
[White "Abdulyazanov, Malik"]
[Black "Nikitin, Yuri D"]
[Result "1-0"]
[WhiteElo "2328"]
[BlackElo "2206"]
[PlyCount "75"]
[EventDate "2009.01.31"]
[EventType "swiss"]
[EventRounds "9"]
[EventCountry "RUS"]
[SourceTitle "EXT 2022"]
[Source "ChessBase"]
[SourceDate "2021.10.06"]
[SourceVersion "1"]
[SourceVersionDate "2021.10.06"]
[SourceQuality "1"]

1. e4 e6 2. d4 d5 3. Nc3 Nf6 4. Bg5 Bb4 5. e5 h6 6. Bd2 Nfd7 7. Qg4 Bf8 8. f4 c5 9. Nf3 Nc6 10. Be3 a6 11. dxc5 g6 12. Bd3 Nxc5 13. 0-0-0 Nxd3+ 14. Rxd3 Qa5 15. Kb1 Bd7 16. Nd4 Nxd4 17. Bxd4 b5 18. Qf3 Bc6 19. Qf2 Rb8 20. g4 b4 21. Nd1 Be7 22. f5 Kd7 23. Ne3 Qb5 24. Ng2 Rhg8 25. Nf4 Rbe8 26. Rf1 Bd8 27. fxe6+ fxe6 28. Nxe6 Kc8 29. Nxd8 Rxd8 30. e6 Qb7 31. e7 Rde8 32. Bf6 Bb5 33. c4 Bxc4 34. Rc1 Qc6 35. Rdd1 Kb7 36. b3 Rc8 37. bxc4 dxc4 38. Qd4 1-0

[Event "Nizhnij Novgorod Region-ch op"]
[Site "Nizhnij Novgorod"]
[Date "2008.10.??"]
[Round "7"]
[White "Nikitin, Yuri D"]
[Black "Zuykov, Andrei V"]
[Result "1/2-1/2"]
[WhiteElo "2156"]
[BlackElo "2318"]
[PlyCount "24"]
[EventDate "2008.10.04"]
[EventType "swiss"]
[EventRounds "9"]
[EventCountry "RUS"]
[SourceTitle "EXT 2022"]
[Source "ChessBase"]
[SourceDate "2021.10.06"]
[SourceVersion "1"]
[SourceVersionDate "2021.10.06"]
[SourceQuality "1"]

1. e4 e6 2. d4 d5 3. exd5 exd5 4. Bd3 Bd6 5. Nf3 Nf6 6. 0-0 0-0 7. c3 c6 8. h3 h6 9. Be3 Be6 10. Qc2 Qc7 11. Nbd2 Nbd7 12. Rae1 Rae8 1/2-1/2

[Event "RUS-ch U16"]
[Site "Dagomys"]
[Date "2004.04.??"]
[Round "?"]
[White "Kolesnikov, Evgeny"]
[Black "Nikitin, Yuri D"]
[Result "1/2-1/2"]
[WhiteElo "2326"]
[BlackElo "2129"]
[PlyCount "70"]
[EventDate "2004.04.??"]
[EventType "swiss"]
[EventRounds "10"]
[EventCountry "RUS"]
[SourceTitle "EXT 2005"]
[Source "ChessBase"]
[SourceDate "2004.11.15"]
[SourceVersion "1"]
[SourceVersionDate "2004.11.15"]
[SourceQuality "1"]

1. d4 e6 2. c4 f5 3. g3 Nf6 4. Bg2 d5 5. Nh3 c6 6. 0-0 Bd6 7. Bf4 0-0 8. Qc2 b6 9. Nd2 Bb7 10. Nf3 Qe7 11. Ne5 Rc8 12. Qb3 Nbd7 13. Rac1 Bxe5 14. dxe5 Ne4 15. f3 Nec5 16. Qc2 b5 17. cxd5 cxd5 18. Qd2 h6 19. Qd4 g5 20. Bd2 Qg7 21. Bb4 Na4 22. Rxc8+ Bxc8 23. Bd6 Nab6 24. b3 Bb7 25. Rc1 Rc8 26. Rc7 Rxc7 27. Bxc7 Qf8 28. Bd6 Qc8 29. Qd2 Qc6 30. Nf2 Nc8 31. Ba3 Nxe5 32. Qd4 Nd7 33. f4 Qb6 34. Qd2 g4 35. Bb2 Nd6 1/2-1/2